| 000 | 00874nam a2200229Ii 4500 | ||
|---|---|---|---|
| 003 | JO-AjNU | ||
| 008 | 230605s9999||||xx |||||||||||||| ||und|| | ||
| 020 | _a977-5371-00-7 | ||
| 040 |
_aJO-AjNU _bara _erda _cJO-AjNU |
||
| 041 | _aara | ||
| 050 | 1 | 4 | _aBP166.9.S255 2006 |
| 100 | 3 |
_aصالح، أماني, _eauthor _952543 |
|
| 245 | 0 | 0 | _aالشرعية بين فقه الخلافة و واقعها، ج2 |
| 250 | _aط1 | ||
| 264 | 3 | 1 | _aالقاهرة: المعهد العالمي للفكر الاسلامي، 2006 |
| 300 |
_aج2، 445-817ص _bقائمة المراجع ص793-817 |
||
| 336 |
_atext _btxt _2rdacontent |
||
| 337 |
_aunmediated _bn _2rdamedia |
||
| 338 |
_avolume _bnc _2rdacarrier |
||
| 490 | 0 | _aسلسلة الرسائل الجامعية 36 | |
| 650 | 4 |
_aالخلافة- التاريخ الاسلامي- نظام الحكم في الاسلام _952544 |
|
| 999 |
_aA23282 _c26850 _d26850 |
||